logo

Bir Sreshtho Munshi Abdur Rouf Library
Jhenaidah Cadet College

আম্মার অক্সিজেন / (Record no. 13595)

MARC details
000 -LEADER
fixed length control field 00684nam a2200229 a 4500
001 - CONTROL NUMBER
JCCL Control Number 13595
003 - CONTROL NUMBER IDENTIFIER
JCCL marc code BD-JhCC
005 - DATE AND TIME OF LATEST TRANSACTION
control field 20240302132932.0
008 - FIXED-LENGTH DATA ELEMENTS--GENERAL INFORMATION
fixed length control field 171108s2024 bg |||| |||| 000 0 ben d
020 ## - INTERNATIONAL STANDARD BOOK NUMBER
International Standard Book Number 9789849870432
035 ## - SYSTEM CONTROL NUMBER
system control number (BD-JhCC)13595
040 ## - CATALOGING SOURCE
Original cataloging agency BD-JhCC
Modifying agency BD-JhCC
041 ## - LANGUAGE CODE
Language code of Book Bengali
082 ## - DEWEY DECIMAL CLASSIFICATION NUMBER
Classification number 891.4435
Author mark and Year HOS 2024
100 ## - MAIN ENTRY--PERSONAL NAME
Personal name আল হোসাইন, মাশুক
245 ## - TITLE STATEMENT
Title আম্মার অক্সিজেন /
Statement of responsibility, etc মাশুক আল হোসাইন ।
260 ## - PUBLICATION, DISTRIBUTION, ETC. (IMPRINT)
Place of publication, distribution, etc ঢাকা :
Name of publisher, distributor, etc অন্যপ্রকাশ;
Date of publication, distribution, etc 2024.
300 ## - PHYSICAL DESCRIPTION
Pagination 80 p. :
Dimensions 22 cm.
650 ## - SUBJECT ADDED ENTRY--TOPICAL TERM
Topical term or geographic name as entry element Bengali Short Stories.
942 ## - ADDED ENTRY ELEMENTS (KOHA)
Source of classification or shelving scheme Dewey Decimal Classification
Koha item type Books
Holdings
Source of classification or shelving scheme Damaged status Not for loan Home library Current library Shelving location Date of accession Cost, normal purchase price Total Checkouts Full call number Barcode Date last seen Copy number Method of acquisition Koha item type Currency Date checked out
Dewey Decimal Classification     JCC Rouf Library JCC Rouf Library General Stacks   300.00   891.4435 HOS 2024 18861 03/02/2024 C-1 Purchase Books BDT  
Dewey Decimal Classification     JCC Rouf Library JCC Rouf Library General Stacks   300.00 1 891.4435 HOS 2024 18862 06/05/2024 C-2 Purchase Books BDT 06/02/2024

JCC Library | Contacts | JCC Home

Last Update on 23 September 2017
Copyright @ 2017-2020 JCC Rouf Library
Rouf Library, Jhenidah Cadet College (JCC), Bangladesh